L'Accès des femmes áa l'éducation (Record no. 46038)

MARC details
000 -LEADER
campo de control de longitud fija 00921nam a2200217 i 4500
001 - NÚMERO DE CONTROL
campo de control 46038
003 - IDENTIFICADOR DE NÚMERO DE CONTROL
campo de control ES-MaACL
005 - FECHA Y HORA DE LA ÚLTIMA TRANSACCIÓN
campo de control 20250828083958.0
007 - CAMPO FIJO DE DESCRIPCIÓN FÍSICA--INFORMACIÓN GENERAL
campo de control de longitud fija t|
008 - DATOS DE LONGITUD FIJA--INFORMACIÓN GENERAL
campo de control de longitud fija 030327s1952 fr |||| | fre d
111 2# - ENTRADA PRINCIPAL--NOMBRE DE CONGRESO/REUNIÓN
Nombre de congreso/reunión o jurisdicción como elemento de entrada Conférence Internationale de l'Instruction Publique (
Número del congreso/reunión o número de parte o sección 15ª.
Fecha del congreso o de la firma del tratado 1952.
Sede del congreso/Lugar de la reunión Ginebra)
9 (RLIN) 149
245 10 - MENCIÓN DEL TÍTULO
Título L'Accès des femmes áa l'éducation
Resto del título : XVe Conférence Internationale de l'Instruction Publique : Genève 1952 /
Mención de responsabilidad, etc. convoquée par l'Unesco et le B.I.E.
260 ## - PUBLICACIÓN, DISTRIBUCIÓN, ETC.
Lugar de publicación, distribución, etc. Paris :
Nombre del editor, distribuidor, etc. UNESCO ;
Lugar de publicación, distribución, etc. Genève :
Nombre del editor, distribuidor, etc. Bureau International d'Education,
Fecha de publicación, distribución, etc. 1952.
300 ## - DESCRIPCIÓN FÍSICA
Extensión 232 p.
490 1# - MENCIÓN DE SERIE
Mención de serie Publications du Bureau International d'Education ;
Designación de volumen o secuencia 140
650 #4 - PUNTO DE ACCESO ADICIONAL DE MATERIA--TÉRMINO DE MATERIA
Término de materia o nombre geográfico como elemento de entrada Mujeres-
Subdivisión general Educación-
Subdivisión de forma Congresos y asambleas.
9 (RLIN) 12095
710 20 - ENTRADA AGREGADA--NOMBRE DE ENTIDAD CORPORATIVA
Nombre de entidad corporativa o nombre de jurisdicción como elemento de entrada Oficina Internacional de Educación
9 (RLIN) 6022
830 0# - PUNTO DE ACCESO ADICIONAL DE SERIE-TÍTULO UNIFORME
Título uniforme Publications du Bureau International d'Education ;
Designación de volumen o secuencia 140
9 (RLIN) 181740
852 ## - LOCALIZACIÓN
Ubicación ES-MaACL
Número de control de estantería C-12664
Holdings
Estatus retirado Estado de pérdida Estado de daño No para préstamo Biblioteca de origen Biblioteca actual Ubicación en estantería Fecha de adquisición Fuente de adquisición Total de préstamos Signatura topográfica completa Código de barras Visto por última vez Precio de reemplazo Tipo de ítem Koha
        Biblioteca del Ateneo de Madrid Biblioteca del Ateneo de Madrid Sala Palomar 17/01/2008     C-12664 1048433 23/02/2023 23/02/2023 Libro impreso